| 000 | 01233nam a2200253 4500 | ||
|---|---|---|---|
| 001 | K121096 | ||
| 008 | 230517b2022 xxk||||| |||| 00| 0 eng d | ||
| 020 | _a9781783214198 | ||
| 041 | _aeng | ||
| 050 | _aF692.5 | ||
| 100 | _aBuilding Cost Information Service | ||
| 245 | _aBCIS comprehensive buildng price book major works, 2022 | ||
| 250 | _a39th | ||
| 260 |
_aLondon _bBCIS _c2022 |
||
| 300 |
_a1 v. _c30 cm |
||
| 520 | _aThe Major works and dataset focuses predominantly on large 'new build' projects from reflecting the economies of scale found in these forms of construction. Gives you rates compiling over 500,000 price elements. Each unit rate and element has been updated on new materials and specifications have been incorporated where applicable, and includes the latest amendments to professional information, average building prices, Town & Country planning, regulation fees for applications, building regulations prescribed fees etc and cost limits and allowances. . Prices are as of second quarter 2021 | ||
| 520 | _aSupersedes 38th edition | ||
| 650 | _aBuilding costs | ||
| 650 | _aPrice books | ||
| 650 | _aMajor Works | ||
| 651 | _aUnited Kingdom | ||
| 690 |
_96233 _aCost management |
||
| 942 | _n0 | ||
| 999 |
_c121492 _d121492 |
||